Từ quan niệm của C.Mác về "xóa bỏ chế độ tư hữu" suy nghĩ về vấn đề sở hữu tư nhân trong nền kinh tế thị trường định hướng xã hội chủ nghĩa ở Việt Nam hiện nay /

Spremljeno u:
Bibliografski detalji
Glavni autor: Vũ Thị Kiều Phương, ThS.
Format: Članak
Jezik:Vietnamese
Teme:
Oznake: Dodaj oznaku
Bez oznaka, Budi prvi tko označuje ovaj zapis!
Thư viện lưu trữ: Thư viện Trường Đại học Đà Lạt
LEADER 01032nam a2200289 4500
001 DLU100104194
005 ##20100304
040 # # |a DLU  |b vie 
041 # # |a vie 
044 # # |a vn 
100 # # |a Vũ Thị Kiều Phương,   |c ThS. 
245 # # |a Từ quan niệm của C.Mác về "xóa bỏ chế độ tư hữu" suy nghĩ về vấn đề sở hữu tư nhân trong nền kinh tế thị trường định hướng xã hội chủ nghĩa ở Việt Nam hiện nay /  |c Vũ Thị Kiều Phương. 
653 # # |a Chế độ sở hữu 
653 # # |a Học thuyết kinh tế 
653 # # |a Kinh tế thị trường 
653 # # |a Sở hữu tập thể 
653 # # |a Sở hữu tư nhân 
773 # # |t Triết học  |g Số8(207), 2008, tr. 68-74 
920 # # |a Phòng Tạp chí -- Trung tâm Thông tin - Thư viện Trường Đại học Đà Lạt 
994 # # |a DLU 
900 # # |a True 
911 # # |a Nguyễn Thị Linh Chi 
925 # # |a G 
926 # # |a A 
927 # # |a BB 
980 # # |a Thư viện Trường Đại học Đà Lạt